Siedziby wszystkich powiatów w Polsce - Statystyki

Ogólne statystyki
  • Ten quiz został rozwiązany 3 235 razy
    3 204 od ostatniego zresetowania
  • Średni wynik to 161 z 380
Odpowiedzi na mapie
Odpowiedzi zakodowano w zielono-czerwonej skali na mapie do tego quizu, zgodnie z poniższymi procentami.
 
Statystyki odpowiedzi
Siedziba % Poprawnych
Gdańsk
89%
Warszawa
89%
Gdynia
87%
Kraków
86%
Szczecin
86%
Poznań
84%
Białystok
83%
Katowice
83%
Łódź
83%
Lublin
83%
Sopot
82%
Wrocław
82%
Bydgoszcz
81%
Rzeszów
81%
Toruń
81%
Olsztyn
80%
Kielce
79%
Opole
79%
Zielona Góra
79%
Gorzów Wielkopolski
78%
Radom
78%
Koło
76%
Zakopane
76%
Częstochowa
75%
Koszalin
75%
Suwałki
75%
Świnoujście
75%
Elbląg
73%
Tarnów
71%
Płock
69%
Bielsko-Biała
68%
Gliwice
67%
Słupsk
67%
Kołobrzeg
66%
Nowy Sącz
66%
Jelenia Góra
65%
Przemyśl
65%
Sosnowiec
65%
Ełk
64%
Lubin
64%
Zabrze
64%
Zamość
64%
Chełm
63%
Kalisz
63%
Legnica
63%
Wałbrzych
63%
Konin
62%
Piotrków Trybunalski
62%
Włocławek
62%
Bytom
61%
Chorzów
61%
Biała Podlaska
60%
Krosno
60%
Łomża
60%
Piła
59%
Siedlce
59%
Grudziądz
58%
Inowrocław
58%
Tychy
58%
Malbork
57%
Nowy Targ
57%
Pruszków
57%
Kłodzko
56%
Sandomierz
56%
Tarnobrzeg
56%
Augustów
55%
Dąbrowa Górnicza
55%
Leszno
55%
Rybnik
55%
Gniezno
54%
Wejherowo
54%
Ostrołęka
53%
Puck
53%
Brzeg
51%
Ruda Śląska
51%
Stargard
51%
Wieliczka
51%
Bełchatów
50%
Oświęcim
50%
Skierniewice
50%
Mielec
49%
Jawor
48%
Tczew
48%
Iława
47%
Żory
47%
Żywiec
47%
Cieszyn
46%
Głogów
46%
Kędzierzyn-Koźle
46%
Sanok
46%
Tomaszów Mazowiecki
46%
Nysa
45%
Zgorzelec
45%
Chojnice
44%
Jastrzębie-Zdrój
44%
Legionowo
44%
Mysłowice
44%
Ostrowiec Świętokrzyski
44%
Pabianice
44%
Piaseczno
44%
Police
44%
Stalowa Wola
44%
Lębork
43%
Ostrów Wielkopolski
43%
Puławy
43%
Radomsko
43%
Bochnia
42%
Jasło
42%
Jaworzno
42%
Kutno
42%
Mińsk Mazowiecki
42%
Siemianowice Śląskie
42%
Szczecinek
42%
Zgierz
42%
Będzin
41%
Ciechanów
41%
Dębica
41%
Giżycko
41%
Mława
41%
Otwock
41%
Starogard Gdański
41%
Tarnowskie Góry
41%
Ustrzyki Dolne
41%
Wadowice
41%
Hajnówka
40%
Hrubieszów
40%
Łowicz
40%
Nowy Dwór Mazowiecki
40%
Sieradz
40%
Wołomin
40%
Żary
40%
Jarosław
39%
Grodzisk Mazowiecki
38%
Mrągowo
38%
Starachowice
38%
Myślenice
37%
Piekary Śląskie
37%
Racibórz
37%
Świdnica
37%
Świętochłowice
37%
Zawiercie
37%
Żyrardów
37%
Bytów
36%
Nowy Dwór Gdański
36%
Oława
36%
Pruszcz Gdański
36%
Skarżysko-Kamienna
36%
Bolesławiec
35%
Olkusz
35%
Ostróda
35%
Świebodzin
35%
Wieluń
35%
Wodzisław Śląski
35%
Gołdap
34%
Gryfice
34%
Kluczbork
34%
Limanowa
34%
Nowa Sól
34%
Świdnik
34%
Tomaszów Lubelski
34%
Bartoszyce
33%
Gorlice
33%
Grójec
33%
Gryfino
33%
Kartuzy
33%
Kwidzyn
33%
Oleśnica
33%
Środa Wielkopolska
33%
Turek
33%
Aleksandrów Kujawski
32%
Bielsk Podlaski
32%
Biłgoraj
32%
Chrzanów
32%
Kamień Pomorski
32%
Kętrzyn
32%
Kościerzyna
32%
Opoczno
32%
Wałcz
32%
Żagań
32%
Końskie
31%
Pszczyna
31%
Pułtusk
31%
Sejny
31%
Słubice
31%
Busko-Zdrój
30%
Garwolin
30%
Gostyń
30%
Jędrzejów
30%
Lubartów
30%
Namysłów
30%
Płońsk
30%
Sochaczew
30%
Września
30%
Braniewo
29%
Chełmno
29%
Kraśnik
29%
Łęczna
29%
Lesko
29%
Mikołów
29%
Opatów
29%
Pisz
29%
Rawa Mazowiecka
29%
Szczytno
29%
Zambrów
29%
Zduńska Wola
29%
Brzesko
28%
Człuchów
28%
Grajewo
28%
Grodzisk Wielkopolski
28%
Krasnystaw
28%
Łańcut
28%
Lidzbark Warmiński
28%
Lubliniec
28%
Miechów
28%
Międzyrzecz
28%
Ostrów Mazowiecka
28%
Polkowice
28%
Rawicz
28%
Sławno
28%
Śrem
28%
Tuchola
28%
Działdowo
27%
Goleniów
27%
Jarocin
27%
Łuków
27%
Myszków
27%
Nakło nad Notecią
27%
Siemiatycze
27%
Sokółka
27%
Strzelce Opolskie
27%
Węgorzewo
27%
Włoszczowa
27%
Złotoryja
27%
Złotów
27%
Białogard
26%
Brodnica
26%
Głubczyce
26%
Góra
26%
Kłobuck
26%
Leżajsk
26%
Nidzica
26%
Nisko
26%
Nowy Tomyśl
26%
Oborniki
26%
Prudnik
26%
Środa Śląska
26%
Świecie
26%
Sztum
26%
Wyszków
26%
Żnin
26%
Bieruń
25%
Drawsko Pomorskie
25%
Dzierżoniów
25%
Gostyniń
25%
Kępno
25%
Łask
25%
Łęczyca
25%
Lubań
25%
Milicz
25%
Mońki
25%
Myślibórz
25%
Sucha Beskidzka
25%
Włodawa
25%
Golub-Dobrzyń
24%
Janów Lubelski
24%
Olecko
24%
Przasnysz
24%
Radzyń Podlaski
24%
Ryki
24%
Sierpc
24%
Sokołów Podlaski
24%
Trzebnica
24%
Czarnków
23%
Kamienna Góra
23%
Kolbuszowa
23%
Kolno
23%
Krapkowice
23%
Krotoszyn
23%
Lubaczów
23%
Lwówek Śląski
23%
Opole Lubelskie
23%
Przeworsk
23%
Rypin
23%
Szamotuły
23%
Ząbkowice Śląskie
23%
Kozienice
22%
Łosice
22%
Nowe Miasto Lubawskie
22%
Pajęczno
22%
Pińczów
22%
Ropczyce
22%
Wolsztyn
22%
Wschowa
22%
Białobrzegi
21%
Brzeziny
21%
Brzozów
21%
Chodzież
21%
Dąbrowa Tarnowska
21%
Kościan
21%
Lipno
21%
Międzychód
21%
Mogilno
21%
Olesno
21%
Proszowice
21%
Staszów
21%
Wągrowiec
21%
Węgrów
21%
Wieruszów
21%
Wysokie Mazowieckie
21%
Żuromin
21%
Krosno Odrzańskie
20%
Ostrzeszów
20%
Parczew
20%
Poddębice
20%
Pyrzyce
20%
Świdwin
20%
Szydłowiec
20%
Choszczno
19%
Kazimierza Wielka
19%
Łobez
19%
Maków Mazowiecki
19%
Pleszew
19%
Strzelin
19%
Wąbrzeźno
19%
Wołów
19%
Zwoleń
19%
Lipsko
18%
Ożarów Mazowiecki
18%
Sępólno Krajeńskie
18%
Słupca
18%
Strzelce Krajeńskie
18%
Strzyżów
18%
Sulęcin
18%
Przysucha
17%
Radziejów
17%
Nie znaleziono quizów pasujących do podanych kryteriów
Rozkład punktacji
Procent ludzi z każdym wynikiem
Percentyl według liczby udzielonych odpowiedzi
Twoja historia wyników
Nie rozwiązałeś tego quizu od ostatniego zresetowania